Datum a čas kvízu
22
Celkem bodů
Celkový počet nahraných bodů na tomto kvízu bez doplňovacích otázek.
4.
Pořadí na kvízu
Konečné umístění týmu na tomto kvízu.
Zaznamenané odpovědi
| # | Otázka | Odpověď | Body | Výsledky |
|---|---|---|---|---|
| 1. | Jeden muž si chtěl ulehčit par... | přemaloval čáry na vozovce | 0 | |
| 2. | Starostka jisté evropské metro... | Paříž, Siena | 1 | |
| 3. | Čeští a slovenští archeologové... | v Guatemale | 0 | |
| 4. | Roční míra inflace v jisté zem... | Argentina | 0 | |
| 5. | K nepříjemné situaci došlo v p... | Jakub Kovář | 0 | |
| 6. | Některá slova mají různé grama... | (o) hrabatech | 1 | |
| 7. | Přiřaďte ke každému slovu jeho... | 1C 2D 3B 4A | 0 | |
| 8. | Dva gramatické rody můžeme při... | sršeň | 1 | |
| 9. | V minulé otázce jsme se ptali... | zombie | 0 | |
| 10. | Začátkem roku 2023 byla Ústave... | hranolka, hranolek | 0 |